Available copies
- 3 of 3 copies available at LARL/NWRL Consortium.
- 2 of 2 copies available at Lake Agassiz Regional Library. (Show preferred library)
Current holds
0 current holds with 3 total copies.
Show All Copies
| Location | Call Number / Copy Notes | Barcode | Shelving Location | Status | Due Date |
|---|---|---|---|---|---|
| Detroit Lakes Public Library | Y ZOB (Text) | 33500012782587 | Main | Available | - |
| Moorhead Public Library | Y ZOB (Text) | 33500012782595 | Main | Available | - |
| Thief River Falls Public Library | ya ZOB (Text) | 35500006106486 | Main | Available | - |
Record details
- ISBN: 9780062564047
- ISBN: 0062564048
- Physical Description: 289 pages ; 22 cm
- Edition: First edition.
- Publisher: New York, NY : Balzer + Bray, an imprint of HarperCollinsPublishers, [2018]
- Copyright: ©2018
Content descriptions
| General Note: | "A Pride and Prejudice remix" --Cover. |
| Summary, etc.: | Zuri Benitez has pride. Brooklyn pride, family ... Read More |
| Target Audience Note: | Ages 14-17 years. |
Search for related items by subject
| Genre: | Fiction. |
| LDR | 03754cam a2200697Ii 4500 | ||
|---|---|---|---|
| 001 | 295909 | ||
| 003 | LARL_NWRL_CONSORTIUM | ||
| 005 | 20181009140141.0 | ||
| 008 | 180907t20182018nyu g 000 f eng d | ||
| 040 | . | ‡aVPW ‡beng ‡erda ‡cVPW ‡dPX0 ‡dNGP ‡dCZA ‡dVP@ ‡dORK ‡dYDX ‡dLIV ‡dTXMAL ‡dJTH ‡dIMT ‡dOCLCF ‡dTCH | |
| 019 | . | ‡a1016437219 | |
| 020 | . | ‡a9780062564047 ‡q(trade binding) | |
| 020 | . | ‡a0062564048 ‡q(trade binding) | |
| 035 | . | ‡a(OCoLC)1051002739 ‡z(OCoLC)1016437219 | |
| 043 | . | ‡an-us-ny | |
| 092 | . | ‡a[Fic] | |
| 100 | 1 | . | ‡aZoboi, Ibi Aanu, ‡eauthor. ‡0(LARL_NWRL_CONSORTIUM)225815 |
| 245 | 1 | 0. | ‡aPride / ‡cIbi Zoboi. |
| 250 | . | ‡aFirst edition. | |
| 264 | 1. | ‡aNew York, NY : ‡bBalzer + Bray, an imprint of HarperCollinsPublishers, ‡c[2018] | |
| 264 | 4. | ‡c©2018 | |
| 300 | . | ‡a289 pages ; ‡c22 cm | |
| 336 | . | ‡atext ‡btxt ‡2rdacontent | |
| 337 | . | ‡aunmediated ‡bn ‡2rdamedia | |
| 338 | . | ‡avolume ‡bnc ‡2rdacarrier | |
| 380 | . | ‡aFiction ‡2marcgt | |
| 500 | . | ‡a"A Pride and Prejudice remix" --Cover. | |
| 520 | . | ‡aZuri Benitez has pride. Brooklyn pride, family pride, and pride in her Afro-Latino roots. But pride might not be enough to save her rapidly gentrifying neighborhood from becoming unrecognizable. When the wealthy Darcy family moves in across the street, Zuri wants nothing to do with their two teenage sons, even as her older sister, Janae, starts to fall for the charming Ainsley. She especially can't stand the judgmental and arrogant Darius. Yet as Zuri and Darius are forced to find common ground, their initial dislike shifts into an unexpected understanding. But with four wild sisters pulling her in different directions, cute boy Warren vying for her attention, and college applications hovering on the horizon, Zuri fights to find her place in Bushwick's changing landscape, or lose it all. In a timely update of Jane Austen's Pride and Prejudice, critically acclaimed author Ibi Zoboi skillfully balances cultural identity, class, and gentrification against the heady magic of first love in her vibrant reimagining of this beloved classic. | |
| 521 | 1 | . | ‡aAges 14-17 years. |
| 650 | 0. | ‡aRacially mixed people ‡vFiction. ‡0(LARL_NWRL_CONSORTIUM)167005 | |
| 650 | 0. | ‡aSisters ‡vFiction. ‡0(LARL_NWRL_CONSORTIUM)167281 | |
| 650 | 0. | ‡aPride and vanity ‡vFiction. | |
| 650 | 0. | ‡aNeighborhoods ‡vFiction. ‡0(LARL_NWRL_CONSORTIUM)166408 | |
| 650 | 0. | ‡aGentrification ‡vFiction. | |
| 650 | 0. | ‡aUrban renewal ‡vFiction. | |
| 651 | 0. | ‡aBrooklyn (New York, N.Y.) ‡vFiction. ‡0(LARL_NWRL_CONSORTIUM)163647 | |
| 650 | 1. | ‡aRacially mixed people ‡vFiction. ‡0(LARL_NWRL_CONSORTIUM)167005 | |
| 650 | 1. | ‡aPride and vanity ‡vFiction. | |
| 650 | 1. | ‡aNeighborhoods ‡vFiction. ‡0(LARL_NWRL_CONSORTIUM)166408 | |
| 650 | 1. | ‡aUrban renewal ‡vFiction. | |
| 651 | 1. | ‡aBrooklyn (New York, N.Y.) ‡vFiction. ‡0(LARL_NWRL_CONSORTIUM)163647 | |
| 650 | 4. | ‡aYOUNG ADULT FICTION / Diversity & Multicultural. | |
| 650 | 4. | ‡aYOUNG ADULT FICTION / Social Themes / Class Differences. | |
| 650 | 4. | ‡aYOUNG ADULT FICTION / Romance / Contemporary. | |
| 650 | 7. | ‡aGentrification. ‡2fast ‡0(LARL_NWRL_CONSORTIUM)21068 | |
| 650 | 7. | ‡aNeighborhoods. ‡2fast ‡0(LARL_NWRL_CONSORTIUM)26674 | |
| 650 | 7. | ‡aPride and vanity. ‡2fast ‡0(LARL_NWRL_CONSORTIUM)28793 | |
| 650 | 7. | ‡aRacially mixed people. ‡2fast ‡0(LARL_NWRL_CONSORTIUM)38222 | |
| 650 | 7. | ‡aSisters. ‡2fast ‡0(LARL_NWRL_CONSORTIUM)31054 | |
| 650 | 7. | ‡aUrban renewal. ‡2fast ‡0(LARL_NWRL_CONSORTIUM)33741 | |
| 651 | 7. | ‡aNew York (State) ‡zNew York ‡zBrooklyn. ‡2fast | |
| 650 | 7. | ‡aYOUNG ADULT FICTION / Diversity & Multicultural. ‡2bisacsh | |
| 650 | 7. | ‡aYOUNG ADULT FICTION / Social Themes / Class Differences. ‡2bisacsh | |
| 650 | 7. | ‡aYOUNG ADULT FICTION / Romance / Contemporary. ‡2bisacsh | |
| 655 | 7. | ‡aFiction. ‡2fast | |
| 700 | 1 | 2. | ‡iAdaptation of (work): ‡aAusten, Jane, ‡d1775-1817. ‡tPride and prejudice. ‡0(LARL_NWRL_CONSORTIUM)133151 |
| 901 | . | ‡a295909 ‡bOCoLC ‡c295909 ‡tbiblio ‡soclc | |

Add to basket
Permalink
Disable Highlighting